Statistics for Tennis - Women's Singles Career Titles

Click here to take the quiz!

General Stats

  • This quiz has been taken 26 times
  • The average score is 17 of 25

Answer Stats

HintAnswer% Correct
73Serena Williams
100%
107Steffi Graf
100%
49Venus Williams
100%
167Martina Navratilova
95%
157Chris Evert
89%
36Maria Sharapova
89%
43Martina Hingis
89%
78Billie Jean King
84%
43Justine Henin
84%
53Monica Seles
84%
41Kim Clijsters
74%
92Margaret Court
74%
55Lindsey Davenport
68%
29Arantxa Sanchez Vicario
63%
68Evonne Goolagong
63%
21Victoria Azarenka
63%
30Tracy Austin
58%
30Caroline Wozniacki
53%
27Hana Mandlikova
53%
31Petra Kvitova
42%
55Virginia Wade
42%
27Gabriela Sabatini
37%
33Conchita Martinez
32%
24Jana Novotna
26%
21Pam Shriver
0%

Score Distribution

Percentile by Number Answered

Percent of People with Each Score

Your Score History

You have not taken this quiz